000 00253nam a22001217a 4500
008 170629b xxu||||| |||| 00| 0 eng d
041 _aeng
080 _a82
100 _a82
101 _aGJL
245 _aTHE RENAISSANCE
_cDURANT, W
942 _2udc
_cBK
999 _c19618
_d19618